000 00985nam a2200277 a 4500
001 12689
003 BD-RjUL
005 20211208235336.0
008 190306s1913 enkc 000 0beng
035 _a(BD-RjUL)12739
040 _aANL
_beng
_cBD-RjUL
_dBD-RjUL
041 _aeng
043 _aa-ii---
082 _223
_a324.254083092
_bWEA 1913
100 1 _aWedderburn, William,
_d1838-1918.
_9229020
245 1 0 _aAllan Octavian Hume, C.B. :
_b"father of the Indian National Congress", 1829 to 1912 /
_cby William Wedderburn.
260 _aLondon ;
_aLeipsic [i.e. Leipzig] :
_bT. Fisher Unwin,
_c1913.
300 _avi, 182 p. :
_bIll. ;
_c21 cm.
600 1 0 _aHume, Allan Octavian,
_d1829-1912.
_9229045
610 2 0 _aIndian National Congress.
_9229046
650 0 _aPoliticians
_xIndia
_vBiography.
_9229023
650 0 _aPublic administration
_zIndia.
_9229024
650 0 _aTheosophy.
_9229025
651 0 _aIndia
_xPolitics and government
_y1857-1919.
_9229026
942 _2ddc
_cRAR
999 _c12689
_d12689